[Event "Saratov Region-ch Seniors"]
[Site "Saratov"]
[Date "2017.11.01"]
[Round "1"]
[White "Alekseeva, Tatiyana"]
[Black "Fedukin, Alexandre"]
[Result "0-1"]
[WhiteElo "1479"]
[BlackElo "1810"]
[PlyCount "44"]
[EventDate "2017.11.01"]
[EventType "swiss"]
[EventRounds "9"]
[EventCountry "RUS"]
[SourceTitle "EXT 2019"]
[Source "ChessBase"]
[SourceDate "2018.10.10"]
[SourceVersion "1"]
[SourceVersionDate "2018.10.10"]
[SourceQuality "1"]

1. c4 Nf6 2. Nc3 e5 3. e3 d5 4. d4 exd4 5. exd4 dxc4 6. Bxc4 Bd6 7. Nge2 0-0 8. 0-0 Nc6 9. a3 Re8 10. Bg5 Bxh2+ 11. Kh1 Bd6 12. Nd5 Be7 13. Nef4 Nxd5 14. Bxe7 Ndxe7 15. d5 Ne5 16. Ba2 N7g6 17. Nxg6 Nxg6 18. Qd4 Qg5 19. Rae1 Qh5+ 20. Kg1 Bh3 21. Re3 Bd7 22. Rh3 Bxh3 0-1

[Event "Saratov region-ch Seniors"]
[Site "Saratov"]
[Date "2016.11.04"]
[Round "1.3"]
[White "Fedukin, Alexandre"]
[Black "Astashina, Galina"]
[Result "1-0"]
[WhiteElo "1871"]
[BlackElo "1641"]
[PlyCount "91"]
[EventDate "2016.11.04"]
[EventType "swiss"]
[EventRounds "7"]
[EventCountry "RUS"]
[SourceTitle "EXT 2022"]
[Source "ChessBase"]
[SourceDate "2021.10.06"]
[SourceVersion "1"]
[SourceVersionDate "2021.10.06"]
[SourceQuality "1"]

1. c4 e5 2. Nc3 Nf6 3. Nf3 Nc6 4. e4 d6 5. d4 Bg4 6. d5 Nd4 7. Be3 c5 8. dxc6 Nxc6 9. Be2 Be7 10. h3 Be6 11. 0-0 0-0 12. Qd2 Qd7 13. Ng5 b6 14. Nd5 Bd8 15. Rad1 Bxd5 16. cxd5 Ne7 17. Bd3 Ng6 18. Nf3 Re8 19. Qb4 Qe7 20. Bb5 Rf8 21. Rc1 a6 22. Bc6 Rb8 23. Rfe1 h6 24. Qa4 b5 25. Qxa6 Nxe4 26. Bxh6 Nc5 27. Qa3 gxh6 28. Qe3 Nf4 29. Rc3 Ba5 30. Qxf4 Bxc3 31. Qg4+ Kh7 32. Qf5+ Kg7 33. bxc3 Qf6 34. Qc2 Qf4 35. Re3 Rg8 36. Nd2 Kf8 37. Ne4 Nxe4 38. Rxe4 Qf5 39. Qe2 Qxh3 40. g3 Ke7 41. Rxe5+ Kd8 42. Re8+ Rxe8 43. Qxe8+ Kc7 44. Qe7+ Kc8 45. Qxd6 Qh5 46. Qd7# 1-0

[Event "Saratov Regional-ch"]
[Site "Saratov"]
[Date "2015.12.10"]
[Round "5"]
[White "Kruzhilin, Aleksey"]
[Black "Fedukin, Alexandre"]
[Result "1-0"]
[WhiteElo "2108"]
[BlackElo "1915"]
[PlyCount "83"]
[EventDate "2015.12.05"]
[EventType "swiss"]
[EventRounds "9"]
[EventCountry "RUS"]
[SourceTitle "EXT 2017"]
[Source "ChessBase"]
[SourceDate "2016.10.25"]
[SourceVersion "1"]
[SourceVersionDate "2016.10.25"]
[SourceQuality "1"]

1. d4 f5 2. g3 Nf6 3. Bg2 d5 4. c4 c6 5. Nh3 e6 6. 0-0 Bd6 7. Bf4 0-0 8. Bxd6 Qxd6 9. Nd2 b6 10. e3 Bb7 11. Nf4 Nbd7 12. Qb3 Rab8 13. Rac1 Ne4 14. Rfd1 Nxd2 15. Rxd2 Nf6 16. Rdc2 Rfc8 17. h4 Ne4 18. Qa4 a6 19. Bf1 b5 20. cxb5 cxb5 21. Qa5 Rxc2 22. Rxc2 Rc8 23. Rxc8+ Bxc8 24. a4 b4 25. Nd3 Nd2 26. Qxb4 Qxb4 27. Nxb4 a5 28. Nc6 Bd7 29. Nxa5 Bxa4 30. b4 Kf8 31. b5 Ke7 32. b6 Kd8 33. Nb7+ Kc8 34. Nc5 Nxf1 35. Kxf1 Bb5+ 36. Kg2 Be2 37. Nxe6 Kb7 38. Nxg7 Bd3 39. Kf3 Kxb6 40. Kf4 Kc7 41. Nxf5 Kd7 42. Ke5 1-0

[Event "Saratov Regional-ch"]
[Site "Saratov"]
[Date "2015.12.08"]
[Round "4"]
[White "Belova, Tatyana"]
[Black "Fedukin, Alexandre"]
[Result "0-1"]
[WhiteElo "1692"]
[BlackElo "1915"]
[PlyCount "134"]
[EventDate "2015.12.05"]
[EventType "swiss"]
[EventRounds "9"]
[EventCountry "RUS"]
[SourceTitle "EXT 2017"]
[Source "ChessBase"]
[SourceDate "2016.10.25"]
[SourceVersion "1"]
[SourceVersionDate "2016.10.25"]
[SourceQuality "1"]

1. e4 e6 2. a3 d5 3. exd5 exd5 4. d4 Bd6 5. Nf3 Ne7 6. Be2 0-0 7. 0-0 f6 8. Be3 c6 9. c4 b6 10. c5 Bc7 11. Bd3 Bf5 12. b4 Qd7 13. Qc2 Bxd3 14. Qxd3 Qf5 15. Qxf5 Nxf5 16. Nbd2 Re8 17. Rfe1 Nd7 18. Nf1 Re6 19. Bd2 Rae8 20. Rxe6 Rxe6 21. Re1 Rxe1 22. Bxe1 b5 23. Bd2 g5 24. g4 Ng7 25. h4 h6 26. hxg5 hxg5 27. Kg2 Ne6 28. Be3 Ndf8 29. Ne1 Ng6 30. f3 f5 31. gxf5 Nh4+ 32. Kf2 Nxf5 33. Nc2 Kf7 34. Ke2 Bf4 35. Kd3 a6 36. Bxf4 gxf4 37. Nd2 Kg6 38. Nb3 Kh5 39. Na5 Ne7 40. Ke2 Kh4 41. Nb3 Kg3 42. Ne1 Nf5 43. Nc2 Kg2 44. Ne1+ Kg1 45. Nc2 Ng3+ 46. Kd3 Kf2 47. Nd2 Ng5 48. Nb3 Nf5 49. Na5 Ne7 50. Nb3 Nxf3 51. Nd2 Ng5 52. Nb3 Ne4 53. Nd2 Nf6 54. Nb1 Ng4 55. Nc3 Nf5 56. a4 Nge3 57. Nxe3 fxe3 58. axb5 axb5 59. Nd1+ Kf3 60. Nc3 Ne7 61. Ne2 Ng6 62. Ng1+ Kg2 63. Ne2 Kf2 64. Nc3 Nf4+ 65. Kc2 e2 66. Nxe2 Kxe2 67. Kc3 Ke3 0-1

[Event "Saratov Region-ch Seniors"]
[Site "Saratov"]
[Date "2015.11.03"]
[Round "2"]
[White "Drogilov, Alexander"]
[Black "Fedukin, Alexandre"]
[Result "0-1"]
[WhiteElo "2149"]
[BlackElo "1893"]
[PlyCount "182"]
[EventDate "2015.11.02"]
[EventType "swiss"]
[EventRounds "7"]
[EventCountry "RUS"]
[SourceTitle "CBM 169 Extra"]
[Source "ChessBase"]
[SourceDate "2015.12.18"]
[SourceVersion "1"]
[SourceVersionDate "2015.12.18"]
[SourceQuality "1"]

1. d4 e6 2. Nf3 Nf6 3. Bg5 Be7 4. Nbd2 h6 5. Bxf6 Bxf6 6. e4 d5 7. Bd3 dxe4 8. Nxe4 Be7 9. Qe2 Qd5 10. 0-0 0-0 11. c4 Qd8 12. Rad1 Nd7 13. Bb1 f5 14. Nc3 Nf6 15. d5 exd5 16. Nxd5 Bd6 17. c5 Nxd5 18. cxd6 c6 19. Qe5 Re8 20. Qg3 Qf6 21. Rfe1 Bd7 22. Ne5 f4 23. Nxd7 fxg3 24. Nxf6+ gxf6 25. hxg3 Rxe1+ 26. Rxe1 Rd8 27. Re6 Kf7 28. Bf5 a5 29. Kf1 b5 30. a3 Nb6 31. b3 a4 32. bxa4 bxa4 33. Re7+ Kf8 34. Rb7 Nc4 35. d7 Nd6 36. Rc7 Nxf5 37. Rxc6 Ke7 38. Rc4 Rxd7 39. Rxa4 Rd2 40. Ra7+ Ke6 41. g4 Nd4 42. g3 Kd5 43. Kg2 Ra2 44. Rh7 Rxa3 45. Rxh6 Ke5 46. Rh5+ Ke4 47. Rh6 Ke5 48. Rh5+ Ke6 49. Rh6 Kf7 50. Rh5 Kg6 51. Rd5 Nc2 52. Rc5 Ra2 53. Kf1 Nd4 54. Kg2 Ne6 55. Rc6 Ng5 56. Rc4 Nf7 57. Rf4 Ne5 58. Kf1 Rb2 59. Kg1 Rb6 60. Kg2 Rb1 61. Kh3 Rd1 62. Kg2 Nd3 63. Rf5 Re1 64. Rf3 Rd1 65. Rf5 Rc1 66. Kh3 Rc4 67. Rf3 Rd4 68. Rf5 Ne1 69. Rf4 Rd8 70. Kh2 Rd2 71. Rf5 Nd3 72. Kg2 Ne5 73. Rf4 Rd1 74. Kh3 Rh1+ 75. Kg2 Rh6 76. Re4 Nf7 77. Rb4 Rh8 78. Ra4 Rc8 79. Kh3 Ne5 80. Rf4 Rc3 81. Rf5 Nf3 82. Kg2 Ne1+ 83. Kh3 Nc2 84. Rf4 Rd3 85. Kh2 Rd2 86. Kh3 Nd4 87. Kg2 Ne2 88. Re4 Kg5 89. Kf3 Nc1 90. Kg2 Nd3 91. Rd4 Ne1+ 0-1

[Event "Saratov Regional-ch"]
[Site "Saratov"]
[Date "2014.12.11"]
[Round "6"]
[White "Fedukin, Alexandre"]
[Black "Khatkevich, Alexandr"]
[Result "0-1"]
[WhiteElo "1862"]
[BlackElo "2049"]
[PlyCount "102"]
[EventDate "2014.12.06"]
[EventType "swiss"]
[EventRounds "9"]
[EventCountry "RUS"]
[SourceTitle "CBM 164 Extra"]
[Source "ChessBase"]
[SourceDate "2015.03.02"]
[SourceVersion "1"]
[SourceVersionDate "2015.03.02"]
[SourceQuality "1"]

1. c4 e6 2. Nf3 Nf6 3. d4 d5 4. g3 Be7 5. Bg2 0-0 6. Qa4 Bd7 7. Qb3 dxc4 8. Qxc4 Bc6 9. Nc3 Nbd7 10. b4 Nb6 11. Qb3 Bxf3 12. Bxf3 Qxd4 13. Rb1 Nbd5 14. Nxd5 Nxd5 15. 0-0 c6 16. Rd1 Qb6 17. Bd2 a6 18. e4 Nf6 19. Be3 Qc7 20. a4 Rac8 21. Qc3 Nd7 22. Bf4 e5 23. Bg4 Rcd8 24. Be3 Nf6 25. Bf3 Rxd1+ 26. Rxd1 Rd8 27. Rc1 Qd6 28. Rd1 Qe6 29. Rxd8+ Bxd8 30. Bc1 Bb6 31. Qc2 Ng4 32. Bxg4 Qxg4 33. Kg2 Bd4 34. f3 Qe6 35. g4 b5 36. axb5 axb5 37. Bg5 h6 38. Bh4 Qc4 39. Qd2 Bc3 40. Qd1 Bxb4 41. g5 hxg5 42. Qd8+ Bf8 43. Bxg5 Qe6 44. Be3 Qd6 45. Qe8 b4 46. f4 exf4 47. Bc1 Qe6 48. Qxe6 fxe6 49. Bxf4 b3 50. Bc1 Bb4 51. Kf3 Bc3 0-1

[Event "Saratov Shestoperov Memorial"]
[Site "Saratov"]
[Date "2014.06.16"]
[Round "1"]
[White "Biryukov, Dmitriy"]
[Black "Fedukin, Alexandre"]
[Result "1-0"]
[WhiteElo "2275"]
[BlackElo "1840"]
[PlyCount "83"]
[EventDate "2014.06.16"]
[EventType "swiss"]
[EventRounds "9"]
[EventCountry "RUS"]
[SourceTitle "CBM 161 Extra"]
[Source "ChessBase"]
[SourceDate "2014.08.29"]
[SourceVersion "1"]
[SourceVersionDate "2014.08.29"]
[SourceQuality "1"]

1. e4 c5 2. Nf3 Nc6 3. d4 cxd4 4. Nxd4 Qc7 5. Nc3 e6 6. Be3 Nf6 7. f3 Bb4 8. Qd2 a6 9. a3 Be7 10. 0-0-0 b5 11. Nxc6 dxc6 12. Qf2 Rb8 13. Bc5 0-0 14. Bxe7 Qxe7 15. Qd4 b4 16. axb4 Rxb4 17. Qd6 Qb7 18. Bxa6 Qb6 19. Bxc8 Rxc8 20. b3 h6 21. Rd3 Ra8 22. Na4 Qb5 23. Rhd1 Raxa4 24. bxa4 Rb1+ 25. Kd2 Qg5+ 26. Ke1 Qxg2 27. Rxb1 Qg1+ 28. Kd2 Qxb1 29. a5 Qb5 30. Qd8+ Kh7 31. Qb6 Qg5+ 32. Kc3 Qe5+ 33. Kb3 Qa1 34. Qc5 Qb1+ 35. Kc3 g5 36. Qa3 g4 37. a6 gxf3 38. Rxf3 Nxe4+ 39. Kd4 Ng5 40. Re3 e5+ 41. Rxe5 Qxc2 42. Qd3+ 1-0

[Event "Saratov Region-ch Seniors"]
[Site "Saratov"]
[Date "2013.11.17"]
[Round "7"]
[White "Gagarkine, Nikolay"]
[Black "Fedukin, Alexandre"]
[Result "0-1"]
[WhiteElo "1851"]
[BlackElo "1847"]
[PlyCount "128"]
[EventDate "2013.11.11"]
[EventType "swiss"]
[EventRounds "7"]
[EventCountry "RUS"]
[SourceTitle "EXT 2015"]
[Source "ChessBase"]
[SourceDate "2014.11.20"]
[SourceVersion "1"]
[SourceVersionDate "2014.11.20"]
[SourceQuality "1"]

1. d4 e6 2. f4 Nf6 3. Nf3 b6 4. e3 Bb7 5. Bd3 Bb4+ 6. c3 Be7 7. 0-0 0-0 8. Nbd2 d5 9. Ne5 Ne4 10. Nxe4 dxe4 11. Bc2 f6 12. Ng4 f5 13. Ne5 Rf6 14. a4 Nd7 15. a5 a6 16. Bb3 Nf8 17. Bd2 Rh6 18. Be1 g5 19. Bg3 g4 20. c4 b5 21. cxb5 axb5 22. Qd2 c5 23. Bd1 Qd5 24. Bf2 Nd7 25. Nxd7 Qxd7 26. Be2 Rg6 27. Rfd1 c4 28. Rdb1 Bd5 29. b3 cxb3 30. Bd1 b4 31. Bxb3 Kf7 32. Qe2 Rgg8 33. a6 Rgb8 34. Qe1 Rb6 35. Bh4 Bf8 36. Qe2 Qc8 37. a7 Qb7 38. h3 h5 39. Qa2 Qd7 40. hxg4 hxg4 41. Be1 Rb7 42. Qf2 Be7 43. Qg3 Rbxa7 44. Rxa7 Qxa7 45. Bxd5 exd5 46. Qh2 Kg7 47. Qh5 Qd7 48. Qh2 Rh8 49. Qg3 Bh4 50. Qxh4 Rxh4 51. Bxh4 Qa4 52. Be1 b3 53. Bc3 Qc4 54. Rc1 g3 55. Bb2 Qe2 56. Ba3 b2 57. Bxb2 Qf2+ 58. Kh1 Qxb2 59. Re1 Qf2 60. Ra1 Qd2 61. Rb1 Qe2 62. Ra1 Qh5+ 63. Kg1 Qh2+ 64. Kf1 Qh1+ 0-1

[Event "Saratov Shestoperov Memorial"]
[Site "Saratov"]
[Date "2013.08.18"]
[Round "7"]
[White "Abramov, Leonid"]
[Black "Fedukin, Alexandre"]
[Result "1-0"]
[WhiteElo "2165"]
[BlackElo "1849"]
[PlyCount "61"]
[EventDate "2013.08.12"]
[EventType "swiss"]
[EventRounds "9"]
[EventCountry "RUS"]
[SourceTitle "CBM 156 Extra"]
[Source "ChessBase"]
[SourceDate "2013.10.22"]
[SourceVersion "1"]
[SourceVersionDate "2013.10.22"]
[SourceQuality "1"]

1. Nf3 e6 2. c4 c5 3. e3 Nf6 4. d4 cxd4 5. exd4 Bb4+ 6. Nbd2 b6 7. a3 Be7 8. Bd3 Bb7 9. 0-0 0-0 10. Re1 d5 11. b3 Nc6 12. Bb2 Rc8 13. Rc1 Re8 14. c5 bxc5 15. dxc5 e5 16. Bb5 Nd7 17. b4 e4 18. Nd4 Nxd4 19. Bxd4 Bc6 20. Ba6 Rc7 21. Nf1 Bf6 22. Ne3 Bxd4 23. Qxd4 Qg5 24. Bf1 Ne5 25. Kh1 Rd8 26. Rc3 Qf4 27. b5 Ba8 28. c6 Ng4 29. Nxg4 Qxg4 30. Rg3 Qxg3 31. hxg3 1-0

[Event "Saratov Regional-ch"]
[Site "Saratov"]
[Date "2013.06.09"]
[Round "9"]
[White "Fedukin, Alexandre"]
[Black "Kavyev, Emil"]
[Result "1-0"]
[WhiteElo "1862"]
[BlackElo "1691"]
[PlyCount "49"]
[EventDate "2013.06.01"]
[EventType "swiss"]
[EventRounds "9"]
[EventCountry "RUS"]
[SourceTitle "EXT 2014"]
[Source "ChessBase"]
[SourceDate "2013.11.20"]
[SourceVersion "1"]
[SourceVersionDate "2013.11.20"]
[SourceQuality "1"]

1. c4 c5 2. Nf3 Nf6 3. Nc3 Nc6 4. d4 cxd4 5. Nxd4 g6 6. e4 d6 7. Be2 Bg7 8. Be3 0-0 9. 0-0 Nxd4 10. Qxd4 Ng4 11. Qd2 Nxe3 12. Qxe3 b6 13. Rad1 Be6 14. b3 Rc8 15. h3 h5 16. Nd5 Kh7 17. Bd3 Bxd5 18. exd5 f5 19. Rfe1 Bf6 20. g4 fxg4 21. hxg4 Bh4 22. Re2 hxg4 23. Qe6 Bf6 24. Kg2 Rh8 25. Qf7+ 1-0

[Event "Saratov Regional-ch"]
[Site "Saratov"]
[Date "2013.06.06"]
[Round "7"]
[White "Palin, Denis"]
[Black "Fedukin, Alexandre"]
[Result "1-0"]
[WhiteElo "2145"]
[BlackElo "1862"]
[PlyCount "129"]
[EventDate "2013.06.01"]
[EventType "swiss"]
[EventRounds "9"]
[EventCountry "RUS"]
[SourceTitle "EXT 2014"]
[Source "ChessBase"]
[SourceDate "2013.11.20"]
[SourceVersion "1"]
[SourceVersionDate "2013.11.20"]
[SourceQuality "1"]

1. c4 Nf6 2. Nc3 e5 3. g3 d5 4. cxd5 Nxd5 5. Bg2 Nb6 6. e3 c6 7. Nge2 Bg4 8. 0-0 Be7 9. f4 exf4 10. Rxf4 h5 11. h3 Be6 12. Nd4 Bd7 13. Nf5 Bxf5 14. Rxf5 g6 15. Rf1 0-0 16. d4 h4 17. g4 Bf6 18. b3 Nd5 19. Nxd5 cxd5 20. Qf3 Nd7 21. Qxd5 Qe7 22. Qe4 Qd6 23. Qf4 Qe7 24. Bxb7 Bg5 25. Qe4 Qxe4 26. Bxe4 Rae8 27. Bc6 Rd8 28. e4 Be7 29. Be3 Kg7 30. Rac1 Ba3 31. Rc2 Rc8 32. d5 f6 33. Bxa7 Ne5 34. Bd4 Rfd8 35. g5 Be7 36. Rcf2 Kg8 37. gxf6 Nxc6 38. fxe7 Nxe7 39. Bf6 Rd7 40. Bxh4 Nxd5 41. exd5 Rxd5 42. Be7 Kg7 43. h4 Kh6 44. Rf8 Rc6 45. Bg5+ Kh5 46. Kg2 Rc2+ 47. R1f2 Rdc5 48. Rxc2 Rxc2+ 49. Rf2 Rc3 50. Bf6 Rd3 51. Rc2 Kg4 52. Rc4+ Kh5 53. Bc3 g5 54. hxg5 Kxg5 55. a4 Kf5 56. a5 Ke6 57. a6 Rd7 58. b4 Ra7 59. b5 Kd5 60. Rc8 Ke4 61. Be1 Rg7+ 62. Bg3 Rg5 63. a7 Rxb5 64. a8Q+ Kd4 65. Qa4+ 1-0

[Event "Saratov Regional-ch"]
[Site "Saratov"]
[Date "2013.06.03"]
[Round "4"]
[White "Fedukin, Alexandre"]
[Black "Tatarinov, Andrey"]
[Result "0-1"]
[WhiteElo "1862"]
[BlackElo "1743"]
[PlyCount "128"]
[EventDate "2013.06.01"]
[EventType "swiss"]
[EventRounds "9"]
[EventCountry "RUS"]
[SourceTitle "EXT 2014"]
[Source "ChessBase"]
[SourceDate "2013.11.20"]
[SourceVersion "1"]
[SourceVersionDate "2013.11.20"]
[SourceQuality "1"]

1. c4 e6 2. Nf3 f5 3. g3 Nf6 4. Bg2 d5 5. 0-0 c6 6. Qc2 Bd6 7. d3 e5 8. Bg5 e4 9. Nd4 0-0 10. cxd5 cxd5 11. Qb3 Be5 12. e3 Kh8 13. dxe4 fxe4 14. Nc3 Bxd4 15. exd4 Nc6 16. Bxf6 gxf6 17. Rad1 f5 18. Qxd5 Qf6 19. Qc4 Be6 20. d5 Ne5 21. Qd4 Bf7 22. h3 Bh5 23. g4 fxg4 24. Nxe4 Qg7 25. h4 g3 26. f4 Bxd1 27. Qxe5 Be2 28. Re1 Bc4 29. b3 Qxe5 30. fxe5 Bxd5 31. Nd6 Bxg2 32. Kxg2 Kg7 33. Kxg3 Rad8 34. Kg4 Rf2 35. a4 Rd2 36. Nf5+ Kf8 37. e6 Re8 38. Kg5 Rg2+ 39. Kf4 Rd2 40. h5 Kg8 41. Ke5 b6 42. Rg1+ Kf8 43. Re1 Kg8 44. Kf6 Rf8+ 45. Ke5 Re8 46. Kf6 Rf8+ 47. Ke7 Rxf5 48. Rg1+ Kh8 49. h6 Re2 50. Rd1 Rg5 51. Kf6 Rg6+ 52. Kf7 Rf2+ 53. Ke7 Rxh6 54. Re1 Rff6 55. Kd7 Rxe6 56. Rxe6 Rxe6 57. Kxe6 Kg7 58. a5 bxa5 59. Kd5 h5 60. Kc5 h4 61. Kb5 h3 62. Kxa5 h2 63. b4 h1Q 64. Ka6 Qc6+ 0-1

[Event "Saratov Spring Cup"]
[Site "Saratov"]
[Date "2013.03.21"]
[Round "9"]
[White "Fedorova, Tatiana"]
[Black "Fedukin, Alexandre"]
[Result "0-1"]
[WhiteElo "1895"]
[BlackElo "1849"]
[PlyCount "74"]
[EventDate "2013.03.12"]
[EventType "swiss"]
[EventRounds "9"]
[EventCountry "RUS"]
[SourceTitle "CBM 153 Extra"]
[Source "ChessBase"]
[SourceDate "2013.04.22"]
[SourceVersion "1"]
[SourceVersionDate "2013.04.22"]
[SourceQuality "1"]

1. e4 c5 2. Nf3 Nc6 3. d4 cxd4 4. Nxd4 Qc7 5. Nc3 e6 6. Ndb5 Qb8 7. Be3 a6 8. Nd4 b5 9. Be2 Nf6 10. Bf3 Ne5 11. 0-0 Bb7 12. a3 Nc4 13. Qc1 Nxe3 14. Qxe3 Bd6 15. Kh1 Bf4 16. Qe2 h5 17. g3 Be5 18. Rad1 h4 19. Kg2 g5 20. Nb3 Qc7 21. Rd3 Rc8 22. Rfd1 Rf8 23. Kg1 hxg3 24. hxg3 Qb6 25. Bg2 Rc4 26. Nd2 Rc8 27. Nf1 Rh8 28. Nh2 Rc4 29. Ng4 Nxg4 30. Qxg4 Bd4 31. R1d2 f6 32. b3 Bxc3 33. bxc4 Bxd2 34. Rxd2 bxc4 35. e5 Bxg2 36. Kxg2 Qb7+ 37. Qf3 Rh2+ 0-1

[Event "Saratov Spring Cup"]
[Site "Saratov"]
[Date "2013.03.20"]
[Round "8"]
[White "Fedukin, Alexandre"]
[Black "Gagarkine, Nikolay"]
[Result "0-1"]
[WhiteElo "1849"]
[BlackElo "1934"]
[PlyCount "134"]
[EventDate "2013.03.12"]
[EventType "swiss"]
[EventRounds "9"]
[EventCountry "RUS"]
[SourceTitle "CBM 153 Extra"]
[Source "ChessBase"]
[SourceDate "2013.04.22"]
[SourceVersion "1"]
[SourceVersionDate "2013.04.22"]
[SourceQuality "1"]

1. c4 e5 2. Nc3 g6 3. Nf3 Bg7 4. d4 exd4 5. Nxd4 Ne7 6. e4 0-0 7. Be2 Nbc6 8. Be3 Re8 9. 0-0 d6 10. h3 a6 11. Rc1 b6 12. Nd5 Bb7 13. f3 Nxd4 14. Bxd4 c5 15. Bxg7 Kxg7 16. Nxe7 Qxe7 17. Bd3 Qe5 18. Qb3 Rab8 19. Qc3 Bc6 20. Rfe1 Qxc3 21. Rxc3 f5 22. Kf2 fxe4 23. Bxe4 Bxe4 24. fxe4 b5 25. b3 Re6 26. Rc2 Rbe8 27. Rd2 Kf6 28. Kf3 Ke7 29. Ke3 Kd7 30. Kd3 Rf8 31. Ke3 bxc4 32. bxc4 Rxe4+ 33. Kxe4 Re8+ 34. Kd3 Rxe1 35. Rb2 Kc6 36. Rf2 Rd1+ 37. Kc3 a5 38. Rf7 Rg1 39. Rf2 a4 40. Kb2 Rd1 41. Rc2 Rd3 42. Rf2 Rg3 43. Rd2 h5 44. Kc2 a3 45. Kd1 Rc3 46. Rc2 Re3 47. Kd2 Rg3 48. Ke1 d5 49. Kf2 Rd3 50. Ke2 Rg3 51. Kf2 h4 52. cxd5+ Kxd5 53. Rd2+ Kc4 54. Rd6 Rd3 55. Rxg6 Rd2+ 56. Ke3 Rxa2 57. Rg4+ Kc3 58. g3 Rg2 59. Rxh4 Rxg3+ 60. Kf2 Rd3 61. Ra4 Kb3 62. Ra5 Kb4 63. Ra8 Rxh3 64. Ke2 a2 65. Kd2 Ra3 66. Rb8+ Kc4 67. Kc2 a1Q 0-1

[Event "Saratov Spring Cup"]
[Site "Saratov"]
[Date "2013.03.16"]
[Round "5"]
[White "Fedukin, Alexandre"]
[Black "Eramian, Gamlet"]
[Result "1/2-1/2"]
[WhiteElo "1849"]
[BlackElo "1995"]
[PlyCount "101"]
[EventDate "2013.03.12"]
[EventType "swiss"]
[EventRounds "9"]
[EventCountry "RUS"]
[SourceTitle "CBM 153 Extra"]
[Source "ChessBase"]
[SourceDate "2013.04.22"]
[SourceVersion "1"]
[SourceVersionDate "2013.04.22"]
[SourceQuality "1"]

1. c4 c5 2. Nf3 g6 3. d4 cxd4 4. Nxd4 Bg7 5. e4 Nc6 6. Be3 Nf6 7. Nc3 0-0 8. Be2 d6 9. 0-0 Bd7 10. Qd2 Qa5 11. f3 Rfc8 12. Rfd1 a6 13. a3 Nxd4 14. Bxd4 Be6 15. b4 Qd8 16. Nd5 Bxd5 17. exd5 Nd7 18. Bxg7 Kxg7 19. Rac1 Qb6+ 20. Kf1 a5 21. Rb1 axb4 22. Rxb4 Qc7 23. Qb2+ Kg8 24. Rxb7 Qd8 25. Rb1 Nc5 26. Rb4 Qa5 27. Ra1 Qa7 28. h4 Rcb8 29. Rb1 Rc8 30. Ra1 Rcb8 31. h5 Rxb4 32. Qxb4 Rb8 33. Qc3 Rb3 34. Qc1 Qa5 35. h6 f6 36. Qe1 Qa4 37. Qc1 Qa5 38. Kg1 Kf7 39. f4 Rc3 40. Qe1 Qa7 41. Kh2 Rxa3 42. Rb1 Re3 43. Qf1 Qa2 44. Bg4 f5 45. Bf3 Rxf3 46. Qxf3 Qxb1 47. Qc3 Qd1 48. Qg7+ Ke8 49. Qxh7 Qh5+ 50. Kg1 Qd1+ 51. Kh2 1/2-1/2

[Event "Saratov-ch"]
[Site "Saratov"]
[Date "2013.03.01"]
[Round "5"]
[White "Fedukin, Alexandre"]
[Black "Guliyev, Hasan Ismayil"]
[Result "0-1"]
[WhiteElo "1849"]
[BlackElo "1714"]
[PlyCount "102"]
[EventDate "2013.02.25"]
[EventType "swiss"]
[EventRounds "9"]
[EventCountry "RUS"]
[SourceTitle "CBM 153 Extra"]
[Source "ChessBase"]
[SourceDate "2013.04.22"]
[SourceVersion "1"]
[SourceVersionDate "2013.04.22"]
[SourceQuality "1"]

1. c4 Nf6 2. Nc3 g6 3. e4 d6 4. d4 Bg7 5. h3 0-0 6. Nf3 c5 7. Be2 cxd4 8. Nxd4 Nc6 9. Be3 Bd7 10. 0-0 Nxd4 11. Bxd4 Bc6 12. Qd3 a5 13. Rad1 Nd7 14. Bxg7 Kxg7 15. Kh1 Nc5 16. Qd4+ Kg8 17. Qe3 Qb6 18. Rd2 Rad8 19. Nd5 Bxd5 20. exd5 Qc7 21. f4 f5 22. Bf3 Rf6 23. Re1 Re8 24. Rde2 Rf7 25. Qc3 h6 26. b3 Kh7 27. a3 Nd7 28. g4 Nf8 29. g5 hxg5 30. fxg5 Nd7 31. Qd4 Ne5 32. Rxe5 dxe5 33. Rxe5 b6 34. Kg2 Rd8 35. h4 Qc5 36. Qd3 Qxa3 37. h5 Qd6 38. Qe2 Rg7 39. Re6 Qf4 40. Rxg6 e5 41. Qf2 e4 42. Rxg7+ Kxg7 43. Qd4+ Kg8 44. Be2 Qxg5+ 45. Kh3 Kh7 46. Qxb6 Rg8 47. Qa7+ Rg7 48. Qf2 f4 49. d6 Qf5+ 50. Kh4 f3 51. Bxf3 exf3 0-1

[Event "Saratov-ch"]
[Site "Saratov"]
[Date "2013.02.26"]
[Round "2"]
[White "Fedukin, Alexandre"]
[Black "Gagarkine, Nikolay"]
[Result "1-0"]
[WhiteElo "1849"]
[BlackElo "1934"]
[PlyCount "105"]
[EventDate "2013.02.25"]
[EventType "swiss"]
[EventRounds "9"]
[EventCountry "RUS"]
[SourceTitle "CBM 153 Extra"]
[Source "ChessBase"]
[SourceDate "2013.04.22"]
[SourceVersion "1"]
[SourceVersionDate "2013.04.22"]
[SourceQuality "1"]

1. c4 e6 2. Nf3 Nf6 3. g3 Be7 4. d4 0-0 5. d5 Bb4+ 6. Bd2 Bxd2+ 7. Qxd2 exd5 8. cxd5 d6 9. Nc3 Bf5 10. Nd4 Bg6 11. Bg2 Nbd7 12. 0-0 Ne5 13. f4 Nc4 14. Qc1 h6 15. b3 Nb6 16. f5 Bh7 17. e4 Nbd7 18. h3 Ne5 19. Qe3 c5 20. dxc6 bxc6 21. Rad1 Qa5 22. Nde2 Rfd8 23. Rd2 Qb6 24. Nd4 Qc7 25. Rfd1 Re8 26. Qf4 Rad8 27. Nde2 Qb8 28. Kh1 Nh5 29. Qf2 Nf6 30. g4 Re7 31. Qf4 Ree8 32. Ng3 Qb4 33. Nge2 Qb8 34. Rd4 Kf8 35. Qd2 Ke7 36. Qf4 Kf8 37. b4 a6 38. Ng1 Rc8 39. Rxd6 Nc4 40. e5 Nxe5 41. Rxf6 gxf6 42. Qxh6+ Ke7 43. g5 fxg5 44. Ne4 Bxf5 45. Qxg5+ Kf8 46. Qxf5 Rcd8 47. Rf1 Qc7 48. Ng5 Rd6 49. Nh7+ Kg7 50. Nf6 Ree6 51. Qh7+ Kf8 52. Qg8+ Ke7 53. Qe8# 1-0